000 00488nam a2200181Ia 4500
005 20230916112201.0
008 131103s9999 xx 000 0 und d
040 _aLoreto College
041 _aEnglish
082 _a260
_bHIL
100 _aHillard.F.H
245 _aChristanity In Education
_cF.H.Hillard and others
260 _aLondon
_bGeorge Allen & Unwin Ltd
_c1966
300 _a111p
650 _aChristian social & ecclesiastical theology
850 _aLCLIB
942 _cBK
999 _c24539
_d75018